Reminder - The Weeknd Lyrics - Statistics

General Stats
  • This quiz has been taken 301 times
  • The average score is 259 of 406
Answer Stats
Hint Answer % Correct
a
98%
I
98%
R&B
98%
You
96%
you
96%
the
95%
to
94%
try
92%
who
90%
am
88%
for
88%
For
88%
know
88%
2x me,
87%
2x | 3x me
87%
so
87%
be
86%
my
86%
on
86%
go
85%
Every
83%
every
83%
radio
82%
remind
82%
song
81%
play
80%
time
80%
too
80%
there
79%
forget
78%
again
77%
busy
77%
I'll
77%
I'm
77%
right
77%
that
77%
That
77%
it
76%
it,
76%
lo
75%
tryna
75%
We
75%
we
75%
and
73%
And
73%
blue
72%
just
72%
All
71%
all
71%
Got
71%
then
71%
not
70%
do
69%
like,
69%
like
69%
she
69%
b*tch,
68%
in
68%
sweet
68%
Why
68%
Choice
67%
let
67%
ain't
66%
find
66%
n*gga
66%
regular
65%
boy
64%
chick,
64%
goddamn,
64%
Goddamn,
64%
gon'
64%
Hit
64%
If
64%
man
64%
2x man,
64%
much
64%
show
64%
some,
64%
won
64%
gotta
63%
make
63%
Teen
63%
up
62%
of
61%
lame
60%
5x na
60%
these
60%
bleach
59%
n*ggas
59%
XO
59%
award
58%
black
58%
hair
58%
hard
58%
rotate
58%
kids
57%
new
57%
swear
57%
ocean
56%
somethin'
56%
gas
55%
money
55%
Silence
55%
them
55%
girl
54%
girl,
54%
Record
54%
fly,
53%
Lambo
53%
than
53%
understand
53%
weed
53%
when
53%
grow
52%
swim
52%
get
51%
smoke
51%
propane
50%
soul
50%
eyed
49%
hits
49%
something
49%
talking
49%
wetter
49%
is
48%
back
47%
blew
47%
blow
47%
Hannibal,
47%
sh*t
47%
'bout
45%
3x oh
45%
face
44%
bag
43%
mein
43%
Don?
42%
off
42%
'cause-
40%
'Cause
40%
Said
40%
wanna
40%
don't
38%
Don't
38%
dope
38%
faded
38%
f*ck
38%
though
38%
mixing
37%
city,
36%
potion
36%
shake
34%
sweat
34%
come
33%
out
33%
Baby
32%
cup,
32%
double
32%
numbing
32%
they
32%
sex,
31%
good
30%
OG
30%
Whip
30%
work
30%
game,
29%
sipping
29%
alone
28%
lose
28%
couple
27%
mixtape,
27%
wear
27%
mil'
26%
tell
26%
weight
26%
won't
26%
around
25%
break
25%
nose
25%
bleed
24%
codeine
24%
hurt
23%
neck,
23%
travel
23%
day,
22%
globe,
21%
knows
21%
Platinum
21%
Used
21%
Now
20%
now
20%
Everybody
19%
keep
19%
trophies,
19%
until
19%
burning
18%
Eating
18%
home
18%
'round
18%
singing
18%
Rock
17%
roll
17%
bed
16%
chain
16%
floor
16%
Hotel
16%
making
16%
mattress
16%
Pour
16%
springs,
16%
sure
16%
we'll
16%
while
16%
walk
14%
with
14%
getting
13%
I'ma
13%
2x | 2x 2x nothin',
12%
straight
12%
Asain
11%
had
10%
slouch,
8%
No matching quizzes found
Score Distribution
Percent of People with Each Score
Percentile by Number Answered
Your Score History
You have not taken this quiz